000 00656nam a2200169 i 4500
001 57529
003 ES-MaACL
005 20230906163609.0
007 t|
008 031016s1902 sp ||||1| spa d
100 1 _aDomínguez, Lorenzo.
_945168
245 1 0 _aCongreso de agricultores celebrado en Madrid en el año de 1902 /
_cdiscurso pronunciado en la sesión de la tarde del 3 de Junio por el Excmo. Sr. D. Lorenzo Dominguez Senador del Reino en apoyo de la conclusiones presentadas por el mismo.
260 _aMadrid :
_bAntonio Marzo,
_c1902.
300 _a43 p. ;
_c18 cm.
650 0 4 _aAgricultura-
_zEspaña.
_99680
852 _aES-MaACL
_jT-1006-F-3
999 _c57529
_d57529